Dr. B.R. Ambedkar's Ideas and Thoughts/ (Record no. 194142)
[ view plain ]
| 000 -LEADER | |
|---|---|
| fixed length control field | 00981nam a22002177a 4500 |
| 005 - DATE AND TIME OF LATEST TRANSACTION | |
| control field | 20250723110814.0 |
| 010 ## - LCCN (DPL NO) | |
| LC control number | B-746841-843 E.N.A./7.11.22 ENG-146074 |
| 020 ## - INTERNATIONAL STANDARD BOOK NUMBER | |
| International Standard Book Number | 9789351252818 |
| Terms of availability | 750.00 |
| 035 ## - SYSTEM CONTROL NUMBER | |
| System control number | EN-129606 |
| 037 ## - SOURCE OF ACQUISITION | |
| Source of stock number/acquisition | Concept Publishing Company PVY.LTD. |
| 037 ## - SOURCE OF ACQUISITION | |
| Source of stock number/acquisition | DBAD |
| 082 ## - DEWEY DECIMAL CLASSIFICATION NUMBER | |
| Classification number | 305.562 |
| Edition number | 1 |
| 245 ## - TITLE STATEMENT | |
| Title | Dr. B.R. Ambedkar's Ideas and Thoughts/ |
| Statement of responsibility, etc | Ed. by Xavier P. Mao [and] Subhash C. Arya |
| 260 ## - PUBLICATION, DISTRIBUTION, ETC. (IMPRINT) | |
| Place of publication, distribution, etc | New Delhi |
| Name of publisher, distributor, etc | Concept Publishing Company PVY.LTD. |
| Date of publication, distribution, etc | 2021 |
| 270 ## - ADDRESS | |
| Address | A/15-16,Commercial Block, Mohan Garden |
| City | New Delhi |
| Postal code | 110059 |
| Telephone number | 91-11-41101460 |
| 300 ## - PHYSICAL DESCRIPTION | |
| Extent | 193p. |
| Dimensions | 23cm(hbk) |
| 700 ## - ADDED ENTRY--PERSONAL NAME | |
| Personal name | Arya C. Subhash |
| Relator term | Editor |
| 9 (RLIN) | 83160 |
| 700 ## - ADDED ENTRY--PERSONAL NAME | |
| Personal name | Mao, Xavier P. |
| Relator term | Editor |
| 9 (RLIN) | 83161 |
| 942 ## - ADDED ENTRY ELEMENTS (KOHA) | |
| Source of classification or shelving scheme | Dewey Decimal Classification |
| Item type | English Books |
| Call number suffix | AMB |
| Classification part | 305.562 |
| Withdrawn status | Lost status | Not for loan | Collection code | Home library | Current library | Date acquired | Source of acquisition | Cost, normal purchase price | Full call number | Barcode | Copy number | Cost, replacement price | Koha item type | Public note |
|---|---|---|---|---|---|---|---|---|---|---|---|---|---|---|
| Non-fiction | Central Library | Central Library | 27/02/2023 | Concept Pub. Comp./3005/30.11.22/157/23.11.22/30.11.22 | 750.00 | 305.562 AMB | B-746841 | 1 | 750.00 | English Books | Issued to staff (Page No. 102) | |||
| Non-fiction | Janak Puri | Janak Puri | 23/07/2025 | Delivery of Books Act Division | 750.00 | AMB 305.562 | EN-129606 | 1 | 750.00 | English Books | ||||
| Non-fiction | Mobile Library | Mobile Library | 27/02/2023 | Concept Pub. Comp./3005/30.11.22/157/23.11.22/30.11.22 | 750.00 | 305.562 AMB | B-746842 | 1 | 750.00 | English Books | ||||
| Non-fiction | Sarojini Nagar | Sarojini Nagar | 27/02/2023 | Concept Pub. Comp./3005/30.11.22/157/23.11.22/30.11.22 | 750.00 | 305.562 AMB | B-746843 | 1 | 750.00 | English Books |
